Score 0/10 Timer 01:30
6 Plays Today
% Correct
Henry the ⅛th!
96.3%
Norse code!
95.8%
It cracked me up!
95.2%
There were so many knights!
94.8%
For the Monet!
94%
Plymouth Rock!
92.9%
At the bottom!
92.5%
Az Tech!
91.6%
History, it's full of dates!
89.7%
Circumference!
86.1%

Today's Daily Dose

Remove Ads.
Support Sporcle.
Get the best of Sporcle when you Go Orange. This ad-free experience offers more features, more stats, and more fun while also helping to support Sporcle. Thank you for becoming a member.

You're not logged in!

Compare scores with friends on all Sporcle quizzes.
OR
Log In

Show Comments

Extras

Top Quizzes Today


Score Distribution

Your Account Isn't Verified!

In order to create a playlist on Sporcle, you need to verify the email address you used during registration. Go to your Sporcle Settings to finish the process.

Report this User

Report this user for behavior that violates our Community Guidelines.

Details: